000 00236nam a22000857a 4500
001 1236298
005 20251001153704.0
245 _aPAPAĞANIN ANLATTIĞI HİKAYELER
_cMUSTAFA ÖZÇELİK SERİSİ
260 _bGÜNIŞIĞI KİTAPLIĞI YAYINLARI
999 _c1236298
_d1236298